[Event "Police Gniota Memorial 31st"]
[Site "Police"]
[Date "2016.07.06"]
[Round "1"]
[White "Poltorzycki, Dzemil"]
[Black "Chojnacki, Krzysztof"]
[Result "0-1"]
[WhiteElo "1928"]
[BlackElo "2373"]
[PlyCount "54"]
[EventDate "2016.07.06"]
[EventType "swiss"]
[EventRounds "9"]
[EventCountry "POL"]
[SourceTitle "EXT 2017"]
[Source "ChessBase"]
[SourceDate "2016.10.25"]
[SourceVersion "1"]
[SourceVersionDate "2016.10.25"]
[SourceQuality "1"]

1. d4 Nf6 2. Nf3 g6 3. Bf4 Bg7 4. c3 0-0 5. h3 d6 6. Nbd2 Nbd7 7. e3 b6 8. Be2 Bb7 9. 0-0 Qe8 10. Bh2 e5 11. dxe5 dxe5 12. Qc2 Qe7 13. Rfd1 Rad8 14. a3 e4 15. Ne1 Ne5 16. Nc4 Nfd7 17. b4 f5 18. Nxe5 Nxe5 19. Rxd8 Rxd8 20. Rd1 Rf8 21. Qd2 g5 22. f4 exf3 23. Nxf3 Ng6 24. Nd4 Nh4 25. Nf3 Nxg2 26. Bc4+ Kh8 27. Qxg2 g4 0-1